000 01477cam a2200421 a 4500
001 15029974
003 OSt
005 20260414081323.0
008 071001s2009 nyua b 001 0 eng
010 _a 2007938575
020 _a9781429216234
_qextended version, casebound
020 _a1429216239
_qextended version, casebound
020 _a9781429216227
_qcasebound
020 _a1429216220
_qcasebound
020 _a9781429216210
_qpbk.
020 _a1429216212
_qpbk.
020 _a9781429216128
_qCD-ROM
020 _a1429216123
_qCD-ROM
035 _a15029974
040 _aDLC
_cDLC
_dDLC
050 0 0 _aQA276.12
_b.M65 2009
082 0 0 _a519.5
_222
100 1 _aMoore, David S.
245 1 0 _aIntroduction to the practice of statistics /
_cDavid S. Moore, George P. McCabe, Bruce A. Craig.
250 _a6th ed.
260 _aNew York :
_bW.H. Freeman,
_cc2009.
300 _a1 v. (various pagings) :
_bcol. ill. ;
_c27 cm. +
_e1 CD-ROM (4 3/4 in.)
336 _atext
_btxt
_2rdacontent
337 _aunmediated
_bn
_2rdamedia
338 _avolume
_bnc
_2rdacarrier
650 0 _aMathematical statistics
_vTextbooks.
700 1 _aMcCabe, George P.
700 1 _aCraig, Bruce A.
906 _a7
_bcbc
_corigcop
_d1
_eepcn
_f20
_gy-gencatlg
942 _2lcc
_cBK
999 _c266185
_d266184